| 000 | 00357nam a2200133Ia 4500 | ||
|---|---|---|---|
| 008 | 210210b1966 xxu||||| |||| 00| 0 eng d | ||
| 082 | _a330.9073 BRUC | ||
| 100 | _aBRUCHEY (Stuart). | ||
| 245 | _aColonial merchant sources and readings. | ||
| 260 |
_aNY _bHarcourt Brace & World _c1966 |
||
| 300 | _aviii,199 | ||
| 690 | _aEconomic History | ||
| 906 | _a031978 | ||
| 999 |
_c83170 _d83170 |
||